Nárok na daňový bonus vylúčenie dieťaťa zo štúdia

Daňovníčka má dieťa - syna, ktorý navštevoval vysokú školu v Žiline od roku 2007, avšak v roku v máji 2010 bol zo štúdia vylúčený, nakoľko neurobil skúšku z druhého ročníka. Dňa 17. augusta 2010 bol rozhodnutím prijatý na vysokú školu v Ostrave do prvého ročníka. Bol prijatý na kombinované štúdium....

Descripción completa

Guardado en:
Detalles Bibliográficos
Autor principal: Rabatinová, Marcela, 1977-
Formato: Capítulo de libro
Lenguaje:eslovaco
Materias:
Etiquetas: Agregar Etiqueta
Sin Etiquetas, Sea el primero en etiquetar este registro!

MARC

LEADER 00000nla a2200000 4500
001 0166575
005 20240502072911.6
041 0 |a slo 
044 |a SK 
245 1 0 |a Nárok na daňový bonus vylúčenie dieťaťa zo štúdia  |c Marcela Rabatinová 
520 |a Daňovníčka má dieťa - syna, ktorý navštevoval vysokú školu v Žiline od roku 2007, avšak v roku v máji 2010 bol zo štúdia vylúčený, nakoľko neurobil skúšku z druhého ročníka. Dňa 17. augusta 2010 bol rozhodnutím prijatý na vysokú školu v Ostrave do prvého ročníka. Bol prijatý na kombinované štúdium. Daňovníčka je zamestnaná a od 1. 1. 2010 do 31. 8. 2010 si uplatňovala na syna daňový bonus. Môže si na syna uplatniť tento daňový bonus na celý rok alebo v akom časovom pásme? 
610 2 0 |a úľavy daňové 
610 2 0 |a dane 
610 2 0 |a daňovníci 
610 2 0 |a študenti 
610 2 0 |a vzdelávanie vysokoškolské 
610 2 0 |a legislatíva 
100 1 |a Rabatinová, Marcela, 1977-